Statistics for Top 15 Countries with Covid-19 Deaths - 1 June

Click here to take the quiz!

General Stats

  • This quiz has been taken 17 times
  • The average score is 15 of 20

Answer Stats

country% Correct
France
100%
United States
100%
Italy
94%
Russia
94%
Spain
94%
Brazil
88%
India
88%
United Kingdom
88%
Germany
82%
Mexico
82%
Canada
76%
Belgium
71%
Sweden
71%
Iran
65%
Ireland
65%
Netherlands
65%
Portugal
65%
Switzerland
65%
Peru
53%
Ecuador
41%

Score Distribution

Percentile by Number Answered

Percent of People with Each Score

Your Score History

You have not taken this quiz